Dưới chân núi Tản : Một vùng Văn hóa Dân gian
Nội dung sách giới thiệu: Phần I: Truyền thuyết sơn tinh; Phần II: Giai thoại và truyền thuyết; Phần III: Văn hóa dân gian các dân tộc thiểu số ở Ba Vì; Phần IV: Tản mạn về vùng quê núi tản sông Đà.
Na minha lista:
| Autor principal: | |
|---|---|
| Formato: | Livro |
| Idioma: | Undetermined |
| Publicado em: |
Hà Nội
Khoa học - Xã hội
2010
|
| Assuntos: | |
| Tags: |
Adicionar Tag
Sem tags, seja o primeiro a adicionar uma tag!
|
| Thư viện lưu trữ: | Trung tâm Học liệu Trường Đại học Cần Thơ |
|---|
| LEADER | 01001nam a2200217Ia 4500 | ||
|---|---|---|---|
| 001 | CTU_164053 | ||
| 008 | 210402s9999 xx 000 0 und d | ||
| 082 | |a 398.209597 | ||
| 082 | |b H411 | ||
| 100 | |a Đoàn, Công Hoạt | ||
| 245 | 0 | |a Dưới chân núi Tản : | |
| 245 | 0 | |b Một vùng Văn hóa Dân gian | |
| 245 | 0 | |c Đoàn Công Hoạt | |
| 260 | |a Hà Nội | ||
| 260 | |b Khoa học - Xã hội | ||
| 260 | |c 2010 | ||
| 520 | |a Nội dung sách giới thiệu: Phần I: Truyền thuyết sơn tinh; Phần II: Giai thoại và truyền thuyết; Phần III: Văn hóa dân gian các dân tộc thiểu số ở Ba Vì; Phần IV: Tản mạn về vùng quê núi tản sông Đà. | ||
| 650 | |a Folk literature, vietnamese,Fairy folk,Văn học dân gian Việt Nam,Cổ tích dân gian | ||
| 650 | |z Vietnam,Việt Nam | ||
| 904 | |i HPTVi,Qhieu | ||
| 980 | |a Trung tâm Học liệu Trường Đại học Cần Thơ | ||